| 000 | 00916naa a22002657a 4500 | ||
|---|---|---|---|
| 001 | BR9301680 | ||
| 003 | BR-BrBNA | ||
| 005 | 20240918181019.0 | ||
| 007 | ta | ||
| 008 | 230509b bl.||||| |||| 00| 0 por d | ||
| 040 |
_aBR-BrBNA _bpor _cBiblioteca Nacional de Agricultura |
||
| 041 | _a(Pt) | ||
| 072 |
_aE16 _b1440 |
||
| 090 | _aE16 BR9301680 | ||
| 100 | 1 | _aBuhr, K.L. | |
| 245 | 1 | _aAspectos ligados a produtividade do caupi, Vigna unguiculata (L.)Walp e suas possibilidades para a Bahia | |
| 260 | 3 |
_aCruz das Almas, BA (Brasil): _c1977. |
|
| 500 | _aInforme cientifico anual, no. 1 Cruz das Almas, BA (Brasil): 1977. p. 193-195 (BR9301680-AM)E16 | ||
| 650 | _aProdutividade | ||
| 650 | _aFeijao de Corda | ||
| 650 | _aBahia | ||
| 773 | 0 |
_tInforme cientifico anual, no. 1 _wE16 BR9301680 _gCruz das Almas, BA (Brasil), 1977. p. 193-195 |
|
| 909 |
_a202404 _bLucia _c55 _dLucia Elande |
||
| 942 |
_cAM _2AGRIS |
||
| 999 |
_c323200 _d323200 |
||